Hutan Simpan Melaka : Pengurusan hutan, persekitaran fizikal, kepelbagaian biologi dan sosio-ekonomi

Bibliographic Details
Corporate Author: Malaysia
Other Authors: A Latiff, H.L.Koh, Muhamad Abdullah, Razani Ujang, Wan Yusof Wan Karim
Format: Book
Published: Kuala Lumpur : Jabatan Perhutanan Semenanjung Malaysia , 2011
Series:Siri 16 : Kepelbagaian Biologi Hutan
Subjects:

MARC

LEADER 00000cam a2200000 7i4500
001 0000003970
005 20130118.0
020 0 0 |a 9789839269895 
090 0 0 |a JPSM 634.9068   |b MEL 
245 0 0 |a Hutan Simpan Melaka :   |b Pengurusan hutan, persekitaran fizikal, kepelbagaian biologi dan sosio-ekonomi   |c Disunting oleh Abd. Rahman Abd. Rahim...[et.al] 
260 0 0 |a Kuala Lumpur :   |b Jabatan Perhutanan Semenanjung Malaysia ,   |c 2011 
300 |a 315 p. :   |b ill., maps ;   |c 26 cm. 
440 0 0 |a Siri 16 : Kepelbagaian Biologi Hutan 
500 0 0 |a Includes bibliographical references 
650 0 0 |a Biological diversity conservation   |z Hutan Simpan Melaka 
650 0 0 |a Biological diversity   |z Hutan Simpan Melaka 
700 0 1 |a A Latiff 
700 0 1 |a H.L.Koh 
700 0 1 |a Muhamad Abdullah 
700 0 1 |a Razani Ujang 
700 0 1 |a Wan Yusof Wan Karim 
710 1 1 |a Malaysia ,   |c Hutan Simpan Melaka 
710 1 1 |a Malaysia ,   |c Jabatan Perhutanan Semenanjung Malaysia 
998 |a JPSM 
999 |a 007760   |b Monograph   |c Open Shelf   |e Default branch